| 000 | 00694nam a2200205Ia 4500 | ||
|---|---|---|---|
| 003 | GCL | ||
| 005 | 20240530101828.0 | ||
| 008 | 140319s9999 xx 000 0 ara d | ||
| 040 |
_aGCL / _cGCL |
||
| 082 | 0 | 4 |
_a328.31/ _bم د |
| 100 | 1 | _aمحمد احمد اسماعيل على | |
| 245 | 1 | 0 |
_aدور المثقفين فى التنمية السياسية دراسة نظرية مع التطبيق فى مصر : الجزء الاول / _cمحمد احمد اسماعيل على |
| 260 |
_a[S.N] : _bالمؤلف ، _c1985 |
||
| 300 | _a243 ص | ||
| 650 | 0 | 4 | _aمصر |
| 650 | 0 | 4 | _aالسياسة |
| 650 | 0 | 4 | _aنظريات |
| 650 | 0 | 4 | _aالتنمية السياسية |
| 942 |
_2ddc _cBK |
||
| 999 |
_c28005 _d28005 |
||